| 000 | 00956nam a22003017a 4500 | ||
|---|---|---|---|
| 003 | CHAP | ||
| 005 | 20220329134029.0 | ||
| 008 | 971013s1980 co r 00010 spa d | ||
| 010 | _a14354 | ||
| 011 | _a15326 | ||
| 035 | _a19401 | ||
| 040 | _cCHAP | ||
| 082 | 0 | 4 |
_a634 _bH4 |
| 100 | 0 | 0 |
_aHernández de Caldas, Angela _ecomp. _953936 |
| 245 | 1 | _aBibliografía sobre frutales e industrias derivadas | |
| 260 |
_aBogotá : _bFundación Mariano Ospina Pérez, _c1980 |
||
| 300 | _a62 p. | ||
| 590 |
_aBATCH-UPD _b10 _c20130110 _lUCH01 _h2159 |
||
| 590 |
_aBATCH-UPD _b10 _c20130410 _lUCH01 _h1507 |
||
| 590 |
_aBATCH-UPD _b10 _c20130914 _lUCH01 _h1447 |
||
| 590 |
_aCONVERSION _b10 _c20130109 _lUCH01 _h1309 |
||
| 650 | 1 | 4 |
_aFruta _xIndustria. _943625 |
| 650 | 1 | 4 |
_aFruticultura _xBibliografía. _943702 |
| 700 | 0 |
_aHernández G., María Magdalena _ecomp. _954025 |
|
| 901 | _aBK | ||
| 942 | _cLIBRO | ||
| 949 |
_a634 H4 _bBC _cC _d33724000568598 _eC _h55344 _i19401 _si |
||
| 999 |
_c14354 _d14354 |
||